000 00736na a2200253 4500
001 23957
003 MIRAKIL
005 20181213155324.0
008 180130b tu 000 0
040 _aMilas
_btur
_cTR-AnCHP
041 _atur
082 _a336.26
_bC25g 1974
090 _a336.26 C25g 1974
100 _aCan, Tevfik
245 _aGümrüklerimiz ve tarihsel gelişmi
_cTevfik Can
260 _aAnkara
_bT.C. Başbakanlık Devlet Planlama Teşkilatı
_c1974
300 _a35 s.
_c28 sm.
440 _aDPT
_vyayın no: DPT: 1384
490 _aİPD
_v373
650 _aGümrük vergileri
_xTürkiye
_yTarih
650 _aGümrük
_xTarih
_zTürkiye
710 _aDevlet Planlama Teşkilatı (DPT)
942 _2ddc
_cBKS
999 _c10522
_d10522